The Feynman Lectures on Physics Vol. 2 - Mainly Electromagnetism & Matter (Record no. 3180)

MARC details
000 -LEADER
fixed length control field 00484nam a2200169Ia 4500
008 - FIXED-LENGTH DATA ELEMENTS--GENERAL INFORMATION
fixed length control field 221030s9999 xx 000 0 und d
020 ## - INTERNATIONAL STANDARD BOOK NUMBER
ISBN 818501583X
041 ## - LANGUAGE CODE
Language code of text/sound track or separate title
082 ## - DEWEY DECIMAL CLASSIFICATION NUMBER
Classification number 105.23
Item number Fey
100 ## - MAIN ENTRY--AUTHOR NAME
Personal name R .P. Feynman
245 #4 - TITLE STATEMENT
Title The Feynman Lectures on Physics Vol. 2 - Mainly Electromagnetism & Matter
Statement of responsibility, etc by R .P. Feynman, R. B. Leighton
260 ## - PUBLICATION, DISTRIBUTION, ETC. (IMPRINT)
Name of publisher Narosa Pub House
Place of publication New Delhi
Year of publication 2001
300 ## - PHYSICAL DESCRIPTION
Number of Pages 1396
650 ## - SUBJECT ADDED ENTRY--TOPICAL TERM
Topical Term Physics
700 ## - ADDED ENTRY--PERSONAL NAME
Personal name R. B. Leighton
942 ## - ADDED ENTRY ELEMENTS (KOHA)
Koha item type Books
Holdings
Accession Number Cost, normal purchase price Full call number Price effective from Koha item type Withdrawn / writtenoff status Materials specified (bound volume or other part) Damaged status Not for loan Permanent Location Current Location Shelving location Date acquired Lost/ Missing status department Serial Enumeration / chronology
BE 5101 250.00 105.23 Fey 10/30/2022 Books   Print     MIET Library, Jammu MIET Library, Jammu BL-Academic Block C, FL-2, CUP-8, SH-3, R-3 05/23/2002   BE  
BE 5103 250.00 105.23 Fey 10/30/2022 Books   Print     MIET Library, Jammu MIET Library, Jammu BL-Academic Block C, FL-2, CUP-8, SH-3, R-3 05/23/2002   BE 2
BE 5102 250.00 105.23 Fey 10/30/2022 Books   Print     MIET Library, Jammu MIET Library, Jammu BL-Academic Block C, FL-2, CUP-8, SH-3, R-3 05/23/2002   BE